| 000 | 00563nam a2200217Ia 4500 | ||
|---|---|---|---|
| 003 | OSt | ||
| 005 | 20140426091103.0 | ||
| 008 | 140130s9999 xx 000 0 und d | ||
| 020 | _a978054511549 | ||
| 020 | _a0545115493 | ||
| 050 |
_aPZ 7 _b.Si58625Cos 2008 |
||
| 100 |
_aSilverman, Erica _930873 |
||
| 245 |
_cSilverman, Erica _aCowgirl kate and cocoa : _bschool days / |
||
| 260 |
_bScholastic, _c2008. _aU.S.A. : |
||
| 300 |
_a44 p. : _bcol. ill. ; _c24 cm. |
||
| 440 |
_v1 _930874 |
||
| 521 | _aG2 | ||
| 526 | _c300 | ||
| 942 |
_cBK _2lcc |
||
| 999 |
_c40125 _d40125 |
||